Wildlife and landscape ecology : (Record no. 32916)

MARC details
000 -LEADER
fixed length control field 01423cam a2200313 a 4500
001 - CONTROL NUMBER
control field 2123623
003 - CONTROL NUMBER IDENTIFIER
control field OSt
005 - DATE AND TIME OF LATEST TRANSACTION
control field 20220316085727.0
008 - FIXED-LENGTH DATA ELEMENTS--GENERAL INFORMATION
fixed length control field 970212s1997 nyua b 101 0 eng
010 ## - LIBRARY OF CONGRESS CONTROL NUMBER
LC control number 97007739
020 ## - INTERNATIONAL STANDARD BOOK NUMBER
International Standard Book Number 0387947892 (acid free paper)
040 ## - CATALOGING SOURCE
Original cataloging agency DLC
Transcribing agency HU
Modifying agency DLC
050 00 - LIBRARY OF CONGRESS CALL NUMBER
Classification number SK352
Item number .W54 1997
082 00 - DEWEY DECIMAL CLASSIFICATION NUMBER
Classification number 639.9 BIS 1997
Edition number 21
245 00 - TITLE STATEMENT
Title Wildlife and landscape ecology :
Remainder of title effects of pattern and scale /
Statement of responsibility, etc. John A. Bissonette, editor.
260 ## - PUBLICATION, DISTRIBUTION, ETC.
Place of publication, distribution, etc. New York :
Name of publisher, distributor, etc. Springer,
Date of publication, distribution, etc. 1997.
300 ## - PHYSICAL DESCRIPTION
Extent xiii, 410 p. :
Other physical details ill. ;
Dimensions 24 cm.
500 ## - GENERAL NOTE
General note Some of these papers were originally presented at the Second Annual Meeting of the Wildlife Society in Portland, Oregon in September of 1995.
504 ## - BIBLIOGRAPHY, ETC. NOTE
Bibliography, etc. note Includes bibliographical references and index.
650 #0 - SUBJECT ADDED ENTRY--TOPICAL TERM
Topical term or geographic name entry element Wildlife management
General subdivision Congresses.
9 (RLIN) 6714
650 #0 - SUBJECT ADDED ENTRY--TOPICAL TERM
Topical term or geographic name entry element Landscape ecology
General subdivision Congresses.
9 (RLIN) 33126
700 1# - ADDED ENTRY--PERSONAL NAME
Personal name Bissonette, John A.
9 (RLIN) 33127
710 2# - ADDED ENTRY--CORPORATE NAME
Corporate name or jurisdiction name as entry element Wildlife Society.
Subordinate unit Meeting
Number of part/section/meeting (2nd :
Date of meeting or treaty signing 1995 :
Location of meeting Portland, Or.)
9 (RLIN) 33128
856 42 - ELECTRONIC LOCATION AND ACCESS
Materials specified Publisher description
Uniform Resource Identifier <a href="http://www.loc.gov/catdir/enhancements/fy0815/97007739-d.html">http://www.loc.gov/catdir/enhancements/fy0815/97007739-d.html</a>
856 41 - ELECTRONIC LOCATION AND ACCESS
Materials specified Table of contents only
Uniform Resource Identifier <a href="http://www.loc.gov/catdir/enhancements/fy0815/97007739-t.html">http://www.loc.gov/catdir/enhancements/fy0815/97007739-t.html</a>
906 ## - LOCAL DATA ELEMENT F, LDF (RLIN)
a 7
b cbc
c orignew
d 1
e ocip
f 19
g y-gencatlg
942 ## - ADDED ENTRY ELEMENTS (KOHA)
Source of classification or shelving scheme Dewey Decimal Classification
Koha item type Books like text book referance book
Suppress in OPAC No
Holdings
Withdrawn status Lost status Source of classification or shelving scheme Damaged status Not for loan Collection code Home library Current library Shelving location Date acquired Total Checkouts Full call number Barcode Date last seen Copy number Price effective from Koha item type
    Dewey Decimal Classification     Reference Wondo Genet Library Wondo Genet Library General Stacks 03/16/2022   639.9 BIS 1997 WGCFNRL00013458 03/16/2022 1 03/16/2022 Books like text book referance book
    Dewey Decimal Classification     Reference Wondo Genet Library Wondo Genet Library General Stacks 03/24/2022   639.9 BIS 1997 WGCFNRL00013805 03/24/2022 2 03/24/2022 Books like text book referance book
    Dewey Decimal Classification     Reference Wondo Genet Library Wondo Genet Library General Stacks 03/24/2022   639.9 BIS 1997 WGCFNRL00013806 03/24/2022 3 03/24/2022 Books like text book referance book
    Dewey Decimal Classification     Reference Wondo Genet Library Wondo Genet Library General Stacks 03/31/2022   639.9 BIS 1997 WGCFNRL00015697 03/31/2022 4 03/31/2022 Books like text book referance book
    Dewey Decimal Classification     Non-fiction Wondo Genet Library Wondo Genet Library General Stacks 04/04/2022   639.9 BIS 1997 WGCFNRL00018137 04/04/2022 5 04/04/2022 Books like text book referance book